| 000 | 00611nam a2200145Ia 4500 | ||
|---|---|---|---|
| 008 | 170221s9999 xx 000 0 und d | ||
| 100 | _aAbdullah Ahmed Nasser Ghasham | ||
| 245 | 4 | _aThe Impact of Global Market Environment on the Degree of Cooperation of International Strategic Alliances among Service Firms | |
| 245 | _cAbdullah Ahmed Nasser Ghasham, Nik Ab Halim Nik Abdullah, Noor Hasmini Abd Ghani | ||
| 260 | _bInternational Review of Management and Marketing | ||
| 260 | _cNovember 2012 | ||
| 300 | _a1:2 | ||
| 650 | _xMarketing. | ||
| 856 | _uhttp://www.econjournals.com/index.php/irmm/issue/view/72 | ||
| 999 |
_c310434 _d310434 |
||